文藝女青年這種病,生個孩子就好了
| 資料類型: | 圖書 | 書目號: | 50894 |
Leader xxxxxxxxxx 001 __ 102445/6/01 005 __ 20170410105842.832 010 0_ |a978-986-93336-0-3|b平裝|d新臺幣300元 042 __ |anbim 100 __ |a20170410d2016 k y0chiy50 e 101 0_ |achi 102 __ |atw 105 __ |ay z 000cy 200 1_ |a文藝女青年這種病,生個孩子就好了|f蘇美著 205 __ |a初版 210 __ |a新北市|c小貓流文化出版|c遠足文化發行|d2016[民105] 215 0_ |a278面|d21公分 225 12 |a小貓流|vFE001 700 _1 |a蘇|b美|4著 681 __ |a855|b886 801 _0 |atw|bLibDipper|c20170410|gCCR |